Normal view
MARC view
- ZERO POINT-3
Entry Topical Term
001 - CONTROL NUMBER
- control field: 63163
003 - CONTROL NUMBER IDENTIFIER
- control field: NUST
005 - DATE AND TIME OF LATEST TRANSACTION
- control field: 20210628203054.0
008 - FIXED-LENGTH DATA ELEMENTS
- fixed length control field: 210628|| aca||aabn | a|a d
040 ## - CATALOGING SOURCE
- Original cataloging agency: NUST
- Transcribing agency: NUST
150 ## - HEADING--TOPICAL TERM
- Topical term or geographic name entry element: ZERO POINT-3
670 ## - SOURCE DATA FOUND
- Source citation: Work cat.: (NUST): Javed Choudhary 11555, Zero point-3 , 2007
